[Event "IECC Swiss-516.1"]
[Site "IECC email"]
[Date "2006.09.06"]
[Round "?"]
[White "Secord, Pauline"]
[Black "Brunato, Davide"]
[Result "0-1"]
[WhiteElo "1000"]
[BlackElo "1514"]
[PlyCount "44"]
[EventDate "2006.??.??"]
[EventType "swiss (corr)"]
[EventRounds "1"]
[SourceTitle "Corr 2020"]
[Source "ChessBase"]
[SourceDate "2019.09.30"]
[SourceVersion "1"]
[SourceVersionDate "2019.09.30"]
[SourceQuality "1"]
[WhiteTeam "Canada"]
[BlackTeam "Italy"]
[WhiteTeamCountry "CAN"]
[BlackTeamCountry "ITA"]

1. e4 c5 2. Nc3 e6 3. Bc4 Nc6 4. Nf3 a6 5. d3 Nge7 6. Bf4 d6 7. g4 d5 8. exd5 exd5 9. Bxd5 Nxd5 10. 0-0 Nxf4 11. Ne4 Bxg4 12. Qd2 Bxf3 13. Qxf4 Bxe4 14. dxe4 Qd6 15. Qf5 Qg6+ 16. Qxg6 hxg6 17. f3 Bd6 18. Rfe1 Bxh2+ 19. Kg2 Bf4 20. e5 Rd8 21. Re4 Rd2+ 22. Kf1 Rh1# 0-1

[Event "Trieste op 4th"]
[Site "Trieste"]
[Date "2002.11.02"]
[Round "6"]
[White "Ursic, Aleksander"]
[Black "Brunato, Davide"]
[Result "0-1"]
[WhiteElo "1800"]
[BlackElo "1717"]
[PlyCount "111"]
[EventDate "2002.10.26"]
[EventType "swiss"]
[EventRounds "7"]
[EventCountry "ITA"]
[SourceTitle "EXT 2005"]
[Source "ChessBase"]
[SourceDate "2004.11.15"]
[SourceVersion "1"]
[SourceVersionDate "2004.11.15"]
[SourceQuality "1"]

1. d4 d5 2. Nf3 Nf6 3. Bf4 e6 4. e3 c5 5. c3 Nc6 6. Nbd2 Be7 7. Bd3 a6 8. 0-0 h6 9. Re1 Bd7 10. Rc1 Rc8 11. Ne5 Qb6 12. Bb1 cxd4 13. exd4 Qxb2 14. Nxd7 Nxd7 15. Rc2 Qb6 16. Qg4 g5 17. Bg3 h5 18. Qd1 h4 19. Be5 Ndxe5 20. dxe5 Na5 21. h3 Nc4 22. Nxc4 Rxc4 23. Qd2 Qc6 24. Rb2 b5 25. Rb3 Rf4 26. f3 Bc5+ 27. Kh2 Ke7 28. Re2 Rc8 29. Qd3 Rh8 30. Bc2 Bb6 31. Rb1 Qc4 32. Qd2 Rc8 33. Rb3 Ba5 34. Bd3 Qc5 35. Qc1 Bxc3 36. Rc2 d4 37. Re2 Rc7 38. Qb1 Ba5 39. a4 bxa4 40. Rb7 Rxb7 41. Qxb7+ Qc7 42. Qa8 Qd8 43. Qxa6 Kf8 44. Qb5 a3 45. Qc5+ Kg7 46. Qxa3 Bc7 47. Qc5 Qb8 48. Qe7 Qd8 49. Qc5 Qb8 50. Kg1 Qb6 51. Qe7 Bd8 52. Qe8 Bc7 53. Kh2 Qa5 54. Qe7 Bd8 55. Qd7 Bc7 56. Bc4 0-1

[Event "Trieste op 4th"]
[Site "Trieste"]
[Date "2002.11.01"]
[Round "5"]
[White "Brunato, Davide"]
[Black "Fantini, Marco"]
[Result "0-1"]
[WhiteElo "1717"]
[BlackElo "1707"]
[PlyCount "86"]
[EventDate "2002.10.26"]
[EventType "swiss"]
[EventRounds "7"]
[EventCountry "ITA"]
[SourceTitle "EXT 2005"]
[Source "ChessBase"]
[SourceDate "2004.11.15"]
[SourceVersion "1"]
[SourceVersionDate "2004.11.15"]
[SourceQuality "1"]

1. d4 d5 2. c4 e6 3. Nc3 c5 4. cxd5 exd5 5. Nf3 Nf6 6. Bg5 Be7 7. e3 Nc6 8. dxc5 Be6 9. Bb5 0-0 10. 0-0 Bxc5 11. Rc1 Be7 12. Qa4 Qb6 13. Rfd1 a6 14. Bxc6 bxc6 15. Ne5 Rfc8 16. Qc2 Qd8 17. Na4 c5 18. b3 Qa5 19. Nd3 c4 20. b4 Qb5 21. Ndc5 a5 22. Nxe6 fxe6 23. bxa5 Qxa5 24. Nc3 Bb4 25. Bxf6 gxf6 26. Rd4 Bxc3 27. Rg4+ Kh8 28. Qxc3 Qxc3 29. Rxc3 Rxa2 30. g3 Rg8 31. Rd4 Kg7 32. e4 Ra5 33. exd5 exd5 34. Rc1 Rc8 35. Rc3 Kf7 36. Kg2 Ke6 37. Rh4 Rc7 38. Kf3 Kd6 39. Ke3 Ra1 40. Kd2 Re7 41. Rd4 Kc5 42. Rf4 d4 43. Rc2 c3+ 0-1

[Event "Trieste op 4th"]
[Site "Trieste"]
[Date "2002.10.26"]
[Round "1"]
[White "Smargiassi, Enrico"]
[Black "Brunato, Davide"]
[Result "1/2-1/2"]
[WhiteElo "1911"]
[BlackElo "1717"]
[PlyCount "161"]
[EventDate "2002.10.26"]
[EventType "swiss"]
[EventRounds "7"]
[EventCountry "ITA"]
[SourceTitle "EXT 2005"]
[Source "ChessBase"]
[SourceDate "2004.11.15"]
[SourceVersion "1"]
[SourceVersionDate "2004.11.15"]
[SourceQuality "1"]

1. d4 d5 2. c4 e6 3. Nc3 Nf6 4. Bg5 Bb4 5. Qa4+ Nc6 6. e3 Bd7 7. Qc2 Be7 8. Nf3 0-0 9. Bxf6 Bxf6 10. cxd5 Nb4 11. Qb3 c5 12. dxc6 Nxc6 13. Be2 Na5 14. Qc2 Rc8 15. 0-0 b5 16. b4 Nc4 17. Qb3 Bc6 18. Rfd1 Qb6 19. Nd2 Nxd2 20. Rxd2 a6 21. Rc1 Qb7 22. f3 Rfd8 23. Qd1 g6 24. Bd3 Qb6 25. Be4 Be7 26. Qb3 Bxe4 27. fxe4 Rc4 28. a3 e5 29. Rcd1 exd4 30. Nd5 Qe6 31. Rxd4 Rxd4 32. exd4 Qxe4 33. Nxe7+ Qxe7 34. d5 Qe5 35. h3 h5 36. Kh1 Rd6 37. a4 bxa4 38. Qxa4 Kg7 39. Qb3 Kg8 40. Qd3 Kg7 41. Rd2 Qa1+ 42. Kh2 Qe5+ 43. g3 h4 44. Kg2 hxg3 45. Ra2 Rxd5 46. Qxg3 Qxg3+ 47. Kxg3 Rd3+ 48. Kg2 Rb3 49. Rxa6 Rxb4 50. Kg3 g5 51. Rc6 f6 52. Ra6 Kg6 53. Rc6 Rd4 54. Ra6 Rc4 55. Rb6 Kf5 56. Rb3 Rd4 57. Rb6 Rd3+ 58. Kg2 Ke4 59. Rb2 f5 60. Re2+ Kf4 61. Rf2+ Ke4 62. Re2+ Re3 63. Ra2 f4 64. Ra4+ Kf5 65. Ra5+ Kg6 66. Rb5 Rg3+ 67. Kh2 Kh5 68. Rb8 Re3 69. Rh8+ Kg6 70. Ra8 Re2+ 71. Kg1 Kf5 72. Ra4 f3 73. Rb4 Re4 74. Rb2 Kf4 75. Kf1 Kg3 76. Rb5 g4 77. hxg4 Kxg4 78. Rb8 Re2 79. Rg8+ Kf4 80. Rf8+ Ke3 81. Re8+ 1/2-1/2